| 000 | 00997nas a2200313 4500 | ||
|---|---|---|---|
| 001 | BR2010001824 | ||
| 003 | BR-BrBNA | ||
| 005 | 20231205114215.0 | ||
| 007 | ta | ||
| 008 | 230509b bl.|||p| |||| 00| 00por d | ||
| 040 |
_aBR-BrBNA _bpor _cBiblioteca Nacional de Agricultura |
||
| 041 | _a(En) | ||
| 072 | _aL74 | ||
| 100 | 1 | _aGolombieski, J.N. | |
| 100 | 1 | _aMarchesan, E. | |
| 100 | 1 | _aReimche, G.B. | |
| 100 | 1 | _aBaumart, J.S. | |
| 100 | 1 | _aSalbego, J. | |
| 100 | 1 | _aLoro, V.L. | |
| 100 | 1 | _aBaldisserotto, B. | |
| 245 | 1 | _aAcetylcholinesterase activity in the brain and muscle of Cyrinus carpio and Aristichthys nobilis exposed to azimsulfuron and metsulfuron-methyl | |
| 650 | _aCARPA | ||
| 650 | _aHERBICIDA | ||
| 650 | _aCONTAMINAÇÃO | ||
| 650 | _aALEVINO | ||
| 773 | 0 |
_tPesticidas. Revista de Ecotoxicologia e Meio Ambiente (Brazil) _xISSN 0103-7277 _g(Jan-Dec 2009), v. 19 p. 81-89 _wBR2010001824 |
|
| 909 |
_a202311 _bLúcia _c55 _dLúcia Elande |
||
| 942 |
_2AGRIS _n0 _cANA |
||
| 999 |
_c207606 _d207606 |
||